[Event "7th UI&UL GM"]
[Site "Dhaka BAN"]
[Date "2005.04.10"]
[Round "7"]
[White "Fominyh,A"]
[Black "Syed Anwar,S"]
[Result "1/2-1/2"]
[WhiteElo "2505"]
[BlackElo "2305"]

1.d4 d5 2.Nf3 Nf6 3.c4 c6 4.Qc2 e6 5.g3 Nbd7 6.Bg2 Bd6 7.O-O O-O 8.Nfd2 e5
9.cxd5 cxd5 10.dxe5 Nxe5 11.Nc3 Be6 12.Nb3 Rc8 13.Bf4 Nc4 14.Bxd6 Qxd6 15.e3 Qe5
16.Nd4 Bg4 17.Rac1 a6 18.Rfe1 b5 19.b3 Nd6 20.Qd3 Bd7 21.a3 Rfe8 22.Nf3 Qf5
23.Qxf5 Nxf5 24.Red1 Be6 25.Ne2 Rxc1 26.Rxc1 Rc8 27.Rxc8+ Bxc8 28.Nfd4 Nd6
29.Nf4 Bb7 30.Kf1 a5 31.Ke1 a4 32.b4 Nfe4 33.Nfe2 Bc8 34.f3 Nf6 35.Kf2 Nfe8
36.Nc3 Nc7 37.f4 Be6 38.f5 Bxf5 39.Nxf5 Nxf5 40.Nxd5 Ne6 41.Bf1 Nd6 42.Nc3 Nc7
43.e4 f6 44.Ke3 Kf7 45.Kd4 Ke6 46.Kc5 Ke5 47.Bxb5 Ncxb5 48.Nxb5 Nxe4+ 49.Kc6 h5
50.Na7 g5 51.b5 f5 52.b6 Nd6 53.Kc7 f4 54.gxf4+ gxf4 55.Nc6+ Kd5 56.Nb4+ Ke6
57.Nd3 f3 58.Nf4+ Ke5 59.Nxh5 Nf5 60.b7 f2 61.b8=Q f1=Q 62.Qe8+ Kd4 63.Qxa4+  1/2-1/2

[Event "ch-RUS u18"]
[Site "Nojabrsk RUS"]
[Date "2005.04.10"]
[Round "5"]
[White "Krylov,M RUS"]
[Black "Musaev,M"]
[Result "1/2-1/2"]
[WhiteElo "2417"]
[BlackElo "2192"]

1.d4 d5 2.c4 c6 3.Nf3 Nf6 4.g3 Bf5 5.Nc3 dxc4 6.a4 c5 7.d5 e6 8.Bg5 exd5
9.Bxf6 Qxf6 10.Nxd5 Qd8 11.Bg2 Nc6 12.O-O g6 13.e4 Be6 14.Qe2 Bg7 15.Qxc4 b6
16.Rad1 O-O 17.h4 Nd4 18.Ng5 Bxd5 19.exd5 h6 20.Nh3 Qd6 21.b4 Be5 22.bxc5 bxc5
23.f4 Bg7 24.Nf2 Nf5 25.Ne4 Qb6 26.Qxc5 Bd4+ 27.Rxd4 Nxd4 28.d6 Qxc5 29.Nxc5 Rac8
30.Nb7 Ne6  1/2-1/2

[Event "FSIM April"]
[Site "Budapest HUN"]
[Date "2005.04.13"]
[Round "12"]
[White "Fodor,T jr"]
[Black "Fodor,I2"]
[Result "1/2-1/2"]
[WhiteElo "2269"]
[BlackElo "2150"]

1.d4 d5 2.c4 dxc4 3.Nf3 c6 4.a4 Nf6 5.e3 Be6 6.Nc3 g6 7.Ng5 Bd5 8.e4 h6 9.exd5 hxg5
10.Bxc4 Nxd5 11.Qb3 Qb6 12.Bxd5 cxd5 13.Qxb6 axb6 14.Nxd5 Ra5 15.Nxb6 Bg7
16.Be3 Nc6 17.Rc1 O-O 18.Rc4 Rd8 19.b4 Ra6 20.b5 Rxb6 21.d5 Nd4 22.Bxd4 Rbd6
23.Bxg7  1/2-1/2

[Event "German Cup"]
[Site "Baden Baden GER"]
[Date "2005.04.16"]
[Round "1"]
[White "Vaganian,R"]
[Black "Nogly,C"]
[Result "1-0"]
[WhiteElo "2631"]
[BlackElo "2241"]

1.Nf3 d5 2.d4 Nf6 3.c4 c6 4.Qb3 e6 5.g3 dxc4 6.Qxc4 b5 7.Qd3 Bb7 8.Bg2 Nbd7
9.O-O a6 10.a4 c5 11.Bg5 Be7 12.axb5 Be4 13.Qe3 axb5 14.Nc3 Bc6 15.Bxf6 Nxf6
16.Ne5 Bxg2 17.Kxg2 cxd4 18.Qf3 Rc8 19.Nxb5 Qb6 20.Na7 Rc5 21.Nac6 Bd8 22.Nxd8 Qxd8
23.Ra8 Rc8 24.Ra7 Qb6 25.Rxf7 Qd6 26.Qb7 Rd8 27.Qb5+  1-0

[Event "Caissa IM April"]
[Site "Kecskemet HUN"]
[Date "2005.04.21"]
[Round "7"]
[White "Zakharchenko,A"]
[Black "Peric,Sl"]
[Result "1/2-1/2"]
[WhiteElo "2279"]
[BlackElo "2248"]

1.d4 d5 2.c4 c6 3.Nf3 Nf6 4.Qc2 g6 5.Nbd2 Bg7 6.e3 Bf5 7.Bd3 Bxd3 8.Qxd3 O-O
9.b4 a5 10.b5 cxb5 11.cxb5 Nbd7 12.Ba3 Re8 13.O-O Nf8 14.Rfc1 a4  1/2-1/2

[Event "7th Rector Cup w"]
[Site "Kharkiv UKR"]
[Date "2005.04.24"]
[Round "5"]
[White "Dvoretska,O"]
[Black "Doluhanova,E"]
[Result "1/2-1/2"]
[WhiteElo "2166"]
[BlackElo "2251"]

1.d4 d5 2.c4 c6 3.Nf3 Nf6 4.Qc2 e6 5.Bg5 Be7 6.Nbd2 Nbd7 7.e3 O-O 8.Bd3 Re8
9.O-O Nf8 10.Ne5 dxc4 11.Bxc4 Nd5 12.Bxe7 Qxe7  1/2-1/2

[Event "ch-FRA Top 16 Poule Haute"]
[Site "Port Barcares FRA"]
[Date "2005.05.05"]
[Round "9"]
[White "Schenk,A"]
[Black "Kazhgaleyev,M"]
[Result "1/2-1/2"]
[WhiteElo "2492"]
[BlackElo "2600"]

1.d4 d5 2.c4 c6 3.Nf3 dxc4 4.e3 Be6 5.a4 Nf6 6.Nbd2 Qa5 7.Qc2 Nbd7 8.Be2 Bf5
9.Qxc4 e6 10.O-O Be7 11.Qa2 O-O 12.Nc4 Qc7 13.Bd2 Ne4 14.Be1 a5 15.Rc1 h6
16.Nfd2 Nxd2 17.Bxd2 e5 18.dxe5 Nxe5 19.Nxe5 Qxe5 20.Bc3 Qe6 21.b3 Rfd8 22.Rfd1 Be4
23.Qb2 Rxd1+ 24.Rxd1 Bf8 25.Rd4 Qg6 26.Bf1 Bd5 27.h3 Be6  1/2-1/2

[Event "ch-FRA Top 16 Poule Basse"]
[Site "Port Barcares FRA"]
[Date "2005.05.06"]
[Round "10"]
[White "Templier,N"]
[Black "Barnier,C"]
[Result "1-0"]
[WhiteElo "2299"]
[BlackElo "1997"]

1.d4 d5 2.c4 c6 3.Nf3 Nf6 4.Qc2 e6 5.e3 Bd6 6.Nc3 O-O 7.Be2 Nbd7 8.O-O Re8
9.Rd1 Qe7 10.a3 dxc4 11.Bxc4 h6 12.h3 b5 13.Be2 Bb7 14.Rb1 a5 15.Nd2 Rac8
16.Nce4 Bb8 17.Nc5 Qd6 18.Nf3 Qc7 19.b4 a4 20.Bb2 Nb6 21.Rbc1 Red8 22.g3 Nbd5
23.Qd2 Ne7 24.Bd3 Rd5 25.Qe2 Rh5 26.Qf1 Nfd5 27.g4 Rg5 28.Qg2 Rg6 29.Bxg6 Nxg6
30.Rc2 Nb6 31.h4 Nc4 32.h5 Ne7 33.Nd2 Nxb2 34.Rxb2 Nd5 35.Rc2 Re8 36.Rdc1 e5
37.dxe5 Rxe5 38.Nxb7 Qxb7 39.Rxc6 Kh7 40.Nf3  1-0

[Event "FSGM May"]
[Site "Budapest HUN"]
[Date "2005.05.08"]
[Round "2"]
[White "Paschall,W"]
[Black "Ilincic,Z"]
[Result "0-1"]
[WhiteElo "2400"]
[BlackElo "2473"]

1.Nf3 d5 2.d4 c6 3.c4 dxc4 4.e3 Be6 5.Nbd2 b5 6.Be2 Nf6 7.O-O Bg4 8.a4 Nbd7
9.h3 Bh5 10.axb5 cxb5 11.g4 Bg6 12.Ne5 e6 13.b3 c3 14.Bxb5 cxd2 15.Bxd2 Bd6
16.Ra6 Qb8 17.Qe2 Bxe5 18.dxe5 Qxe5 19.f4 Qc5 20.Rc1 Qe7 21.Rc7 O-O 22.g5 Qd8
23.Rcxa7 Rxa7 24.Rxa7 Qb8 25.Ra2 Bh5 26.Qf1 Ne4 27.Bxd7 Qxb3 28.Qa1 Qd3 29.Ra8 Nxd2
30.Rxf8+ Kxf8 31.Qa8+ Ke7 32.Qe8+ Kd6 33.Qb8+ Kxd7 34.Qb7+ Ke8  0-1

[Event "FSGM May"]
[Site "Budapest HUN"]
[Date "2005.05.12"]
[Round "6"]
[White "Berczes,D"]
[Black "Ilincic,Z"]
[Result "1-0"]
[WhiteElo "2342"]
[BlackElo "2473"]

1.Nf3 d5 2.d4 c6 3.c4 Nf6 4.Qc2 dxc4 5.e4 Bg4 6.Nbd2 b5 7.b3 cxb3 8.axb3 e6
9.Bd3 Bb4 10.O-O Qb6 11.Bb2 Nbd7 12.Rfc1 c5 13.Bc3 Bxf3 14.Nxf3 Bxc3 15.Qxc3 Rc8
16.Qa5 Ke7 17.Qxa7 Qxa7 18.Rxa7 c4 19.bxc4 bxc4 20.Rxc4 Rxc4 21.Bxc4 Rc8
22.Bf1 Rc1 23.Ne5 Ke8 24.Nd3 Rc4 25.e5 Ne4 26.Nc5 Rxd4 27.Rxd7 Rxd7 28.Nxe4 Ke7
29.Nd6 f6 30.f4 fxe5 31.fxe5 Rc7 32.Bd3 h6 33.Kf2 Rc3 34.Ke3 Ra3 35.Kd4 Ra2
36.Be4 Ra4+ 37.Nc4 Ra2 38.Bf3 Ra4 39.Kc3 Ra1 40.h3 Rc1+ 41.Kd3 Ra1 42.Nb2 Ra2
43.Kc3 Ra3+ 44.Kd4 Ra2 45.Nd3 Ra4+ 46.Kc3 Ra5 47.Kb4 Ra1 48.Kb5 Ra3 49.Be4 Ra2
50.Kc5 Ra4 51.Nb4 Ra1 52.Kb6 Re1 53.Bd3 Rg1 54.g4 Rh1 55.Kc7 Rxh3 56.Bg6 Rg3
57.Nc6+ Kf8 58.Kd7 Rxg4 59.Bd3 Rg1 60.Kxe6 h5 61.Kd7 Rd1 62.Nb4 g5 63.e6 Re1
64.Nd5 Kg7 65.Nc3 Re5 66.e7 g4 67.Ne4 Kh6 68.Kd6 Rxe7 69.Kxe7 Kg6 70.Ke6 h4
71.Ke5 Kh5 72.Kf4 g3 73.Be2+ Kg6 74.Bf3 Kh6 75.Kg4 Kg6 76.Kxh4 Kh6 77.Kxg3 Kg6
78.Kf4 Kh6 79.Kf5 Kg7 80.Kg5 Kh7 81.Nf6+ Kg7 82.Ng4 Kh7 83.Ne5 Kg7 84.Be4 Kg8
85.Kh6 Kh8 86.Ng6+  1-0

[Event "FSGM May"]
[Site "Budapest HUN"]
[Date "2005.05.15"]
[Round "9"]
[White "Koneru,H"]
[Black "Varadi,V"]
[Result "1-0"]
[WhiteElo "2508"]
[BlackElo "2430"]

1.d4 d5 2.Nf3 c6 3.c4 dxc4 4.e3 Be6 5.a4 Nf6 6.Na3 c5 7.Nxc4 Nc6 8.Nce5 cxd4
9.Bb5 dxe3 10.Qxd8+ Rxd8 11.Bxe3 a6 12.Nxc6 bxc6 13.Bxa6 Bd5 14.O-O e6 15.Rfc1 Rb8
16.Ne5 Bd6 17.Nxc6 Rxb2 18.Bd4 Rb3 19.Na5 Rb8 20.Bb5+ Kf8 21.Nc6 Ra8 22.a5 Ne8
23.a6 Nc7 24.Be2 f6 25.a7 Ke8 26.Rab1 e5 27.Bb6 Kd7 28.Na5 Rhc8 29.Rd1 Ke6
30.Nc4 Ne8 31.Bg4+ f5 32.Bxf5+ Kxf5 33.Ne3+ Ke6 34.Nxd5 Nf6 35.Nxf6 gxf6
36.g3 Bc5 37.Rdc1 Bd6 38.Rxc8 Rxc8 39.Be3 f5 40.Rb6 Kd5 41.Ra6 Ra8 42.Kf1 Bc7
43.f3 f4 44.gxf4 exf4 45.Bf2 Be5 46.Rh6 Bd4 47.Rxh7  1-0

[Event "1st Rapid Open"]
[Site "Livry Gargan BEL"]
[Date "2005.05.15"]
[Round "5"]
[White "Elbilia,J"]
[Black "Kazhgaleyev,M"]
[Result "0-1"]
[WhiteElo "2313"]
[BlackElo "2600"]

1.d4 d5 2.c4 c6 3.Nf3 dxc4 4.a4 Bg4 5.e3 e5 6.Bxc4 exd4 7.Qb3 Qc7 8.exd4 Bxf3
9.Qxf3 Bb4+ 10.Nc3 Nf6 11.O-O O-O 12.Bg5 Nbd7 13.Rad1 Rae8 14.Bd3 Qa5 15.Bf5 h6
16.Bc1 Rd8 17.Bc2 Rfe8 18.Ne2 Qd5 19.Qxd5 Nxd5 20.Bd3 N7b6 21.b3 Nc3 22.Nxc3 Bxc3
23.Bf5 Bxd4 24.a5 Na8 25.Bf4 Rd5 26.Bh3 g5 27.Be3 Bxe3 28.Rxd5 cxd5 29.fxe3 Nc7
30.Rc1 Na6 31.Bc8 Re7 32.Kf2 Nb4 33.Bf5 Kg7 34.g4 a6 35.Rc5 Kf6 36.Kf3 Ke5
37.Rc8 Nc6 38.Rh8 Nxa5 39.Rxh6 Nxb3 40.Rh8 Nd2+ 41.Ke2 Nc4 42.Kd3 Nd6 43.Bh7 Re8  0-1

[Event "ch-ARM w"]
[Site "Yerevan ARM"]
[Date "2005.05.15"]
[Round "3"]
[White "Galojan,L"]
[Black "Danielian,E"]
[Result "0-1"]
[WhiteElo "2256"]
[BlackElo "2415"]

1.d4 d5 2.c4 dxc4 3.Nf3 c6 4.a4 Nf6 5.e3 Be6 6.Nc3 g6 7.Ng5 Qd7 8.Nxe6 Qxe6
9.Qe2 Nbd7 10.Qxc4 Qxc4 11.Bxc4 e5 12.O-O Bg7 13.a5 exd4 14.exd4 O-O 15.Rd1 Rfe8
16.Bf4 h6 17.Rd3 b5 18.Ba2 g5 19.Bd6 Ne4 20.Nxe4 Rxe4 21.Rf3 Bf6 22.Be5 Kg7
23.h3 Nxe5 24.dxe5 Rxe5 25.Rd1 Rae8 26.Kh2 Re1 27.Rd7 R8e7 28.Rfd3 Bxb2 29.Kg3 Bf6
30.Kf3 Ra1 31.Bb3 Rxd7 32.Rxd7 Ra3 33.Rd3 c5 34.Bc2 Rxa5 35.Rd7 c4 36.Bf5 Ra3+
37.Ke2 Ra2+ 38.Kf3 Ra3+ 39.Ke4 Ra1 40.Rb7 c3 41.Kd3 Rd1+ 42.Kc2 Rd2+ 43.Kc1 Rxf2
44.Rxb5 Rxg2 45.Rb7 Bd4 46.Rd7 Be3+ 47.Kb1 Rb2+ 48.Ka1 Rf2 49.Be4 c2  0-1

[Event "ch-ARM w"]
[Site "Yerevan ARM"]
[Date "2005.05.16"]
[Round "4"]
[White "Darbinian,N"]
[Black "Galojan,L"]
[Result "1/2-1/2"]
[WhiteElo "2056"]
[BlackElo "2256"]

1.Nf3 d5 2.d4 Nf6 3.c4 c6 4.Qc2 g6 5.Bf4 Bg7 6.e3 O-O 7.Bd3 Nbd7 8.Nc3 dxc4
9.Bxc4 Nh5 10.Bg5 Nb6 11.Be2 h6 12.Bh4 Bf5 13.Qd1 Nf6 14.O-O a5 15.h3 Ne4
16.Nxe4 Bxe4 17.Nd2 Bd5 18.Qc2 Re8 19.Rfd1 Qc8 20.Nc4 Bxc4 21.Bxc4 e5 22.Qb3 Nxc4
23.Qxc4 exd4 24.exd4 Re4 25.Bg3 c5 26.Qxc5 Qxc5 27.dxc5 Bxb2 28.Rab1 Rb4
29.Bd6 Bf6 30.a3 Rc4 31.Rxb7 Re8 32.Rdb1 Bd4 33.Rb8 Rxb8 34.Rxb8+ Kg7 35.Rc8 Rc1+
36.Kh2 Bxf2 37.Be5+ f6 38.Bxf6+ Kxf6 39.Rf8+ Ke5 40.Rxf2 Rxc5 41.Re2+ Kd5
42.Rd2+ Ke4 43.Rd6 Rg5 44.Rb6 h5 45.g3  1/2-1/2

[Event "48th TCh-SCG"]
[Site "Herceg Novi SCG"]
[Date "2005.05.18"]
[Round "4"]
[White "Jeremic,V"]
[Black "Raicevic,M"]
[Result "1-0"]
[WhiteElo "2525"]
[BlackElo "2351"]

1.d4 d5 2.c4 c6 3.Nf3 Nf6 4.Qc2 dxc4 5.Qxc4 Bf5 6.g3 Nbd7 7.Bg2 e6 8.O-O Be7
9.Nc3 O-O 10.e3 Ne4 11.Rd1 Nxc3 12.bxc3 Be4 13.Ne1 Bxg2 14.Nxg2 c5 15.Rb1 Qc7
16.e4 Rfd8 17.Bf4 e5 18.dxe5 Nxe5 19.Qe2 Rxd1+ 20.Qxd1 Rd8 21.Qe2 Bd6 22.Bxe5 Bxe5
23.Ne3 Bxc3 24.Nd5 Qa5 25.Rxb7 Bd4 26.Ne7+ Kh8 27.Nc6  1-0

[Event "ch-ARM w"]
[Site "Yerevan ARM"]
[Date "2005.05.19"]
[Round "6"]
[White "Gasparian,N"]
[Black "Danielian,E"]
[Result "0-1"]
[WhiteElo "2200"]
[BlackElo "2415"]

1.d4 d5 2.c4 dxc4 3.Nf3 c6 4.Nc3 e6 5.e3 b5 6.a4 Bb4 7.Be2 Nf6 8.O-O Bxc3
9.bxc3 O-O 10.Qc2 Nbd7 11.e4 Re8 12.e5 Nd5 13.Ng5 f5 14.exf6 N7xf6 15.Ba3 h6
16.Nf3 Nf4 17.Ne5 Nxe2+ 18.Qxe2 Qd5 19.Qc2 Qe4 20.Qb2 Bb7 21.Bc5 Qd5 22.f3 Nd7
23.Nxd7 Qxd7 24.Rfe1 a6 25.Qf2 Qf7 26.Re5 Rad8 27.a5 Rd5 28.Rae1 Bc8 29.f4 Red8
30.Qg3 Kh7 31.h4 Rxe5 32.fxe5 Qg6 33.Qf3 Bd7 34.Rf1 Be8 35.Qf8 Rd7 36.Be7 c5
37.Bxc5 Rf7 38.Rxf7 Bxf7 39.Qe7 Qb1+ 40.Kh2 Qf5 41.Qb7 Qf4+ 42.Kg1 Bg6 43.Qf3 Qxh4
44.Bf8 Be4 45.Qf2 Qg5 46.Qe2 Qc1+ 47.Kh2 Qf4+ 48.Kg1 Bd5 49.Bb4 Kg6 50.Qc2+ Be4
51.Qf2 Qc1+ 52.Kh2 Qg5 53.Bf8 h5 54.Qg3 h4 55.Qxg5+ Kxg5 56.Ba3 Kg4 57.Bc1 Bd5
58.Kg1 Kg3 59.Bd2 Bxg2 60.Be1+ Kh3 61.Kf2 g5 62.Bd2 g4 63.Bg5 Bd5 64.Bf4 g3+
65.Kg1 Kg4 66.Bd2 h3  0-1

[Event "Chigorin CC"]
[Site "St Petersburg RUS"]
[Date "2005.05.20"]
[Round "5"]
[White "Stotika,V"]
[Black "Butylkin,A"]
[Result "1/2-1/2"]
[WhiteElo "2309"]
[BlackElo "2181"]

1.d4 d5 2.Nf3 Nf6 3.c4 c6 4.Qc2 g6 5.Bg5 Ne4 6.Bf4 Bg7 7.e3 O-O 8.cxd5 cxd5
9.Bc7 Qe8 10.Be5 Qc6 11.Bd3 Qxc2 12.Bxc2 Nc6 13.Bxg7 Kxg7 14.Nbd2 f5 15.a3 Nxd2
16.Kxd2 f4 17.b4 Bg4 18.Bd1 Bxf3 19.Bxf3 Rad8 20.Rac1 e5 21.dxe5 Nxe5 22.Rc7+ Rf7
23.Rxf7+ Kxf7 24.Be2 fxe3+ 25.fxe3 Nc4+ 26.Kd3 b5 27.Kd4 Nxa3 28.Rc1 Nc4
29.Ra1 Rd7 30.Bf3 Kf6 31.Ra6+ Kg5 32.Re6 a5 33.bxa5 Nxa5 34.Rb6 b4 35.Bxd5 Nb3+
36.Kc4 Nd2+ 37.Kc5 Re7 38.Rxb4 Rxe3 39.Rb7 h5 40.Kd4 Re1 41.Rb6 Nf1 42.Be4 Nxh2
43.Rxg6+ Kh4 44.g3+ Kh3 45.Rg5 Ng4 46.Rxh5+ Kxg3 47.Rh8 Rd1+ 48.Kc3 Kf4 49.Bd3 Ne5
50.Bc2 Re1  1/2-1/2

[Event "VII Open"]
[Site "Salou ESP"]
[Date "2005.05.23"]
[Round "4"]
[White "Burmakin,V"]
[Black "Asmundsson,I"]
[Result "1-0"]
[WhiteElo "2552"]
[BlackElo "2288"]

1.d4 d5 2.Nf3 Nf6 3.c4 c6 4.Qb3 dxc4 5.Qxc4 Na6 6.a3 Be6 7.Qc2 Qd5 8.Nc3 Qb3
9.Qxb3 Bxb3 10.e4 Nc7 11.Bf4 Ne6 12.Be3 Nc7 13.Rc1 Be6 14.Bd3 g6 15.Na4 Bg7
16.Bf4 Nb5 17.Nc5 Bc8 18.a4 Nd6 19.Nd2 Nd7 20.Ndb3 O-O 21.O-O Nxc5 22.dxc5 Ne8
23.Rc2 Be6 24.Bc4 Rd8 25.Bxe6 fxe6 26.Bg5 Nf6 27.f3 h6 28.Bc1 Rd7 29.Re1 Rfd8
30.Na5 Nh7 31.Kf2 Ng5 32.Ke2 Nf7 33.Rd2 Bd4 34.Red1 e5 35.b4 Kf8 36.b5 cxb5
37.axb5 Ke8 38.c6 bxc6 39.Nxc6 Rc8 40.Bb2 Rb7 41.Bxd4 exd4 42.Nxd4 Nd6 43.Ra1 Rc5
44.Ra6 Kf7 45.Nc6 Rbxb5 46.Nxa7 Rb1 47.Nc6 Nb5 48.Nd8+ Ke8 49.Rxg6 e5 50.Ne6 Rcc1
51.Kf2 h5 52.Kg3 Kf7 53.Rh6 Rd1 54.Rxd1 Rxd1  1-0

[Event "VII Open"]
[Site "Salou ESP"]
[Date "2005.05.27"]
[Round "8"]
[White "Peralta,Fe"]
[Black "Mellado Trivino,J"]
[Result "1/2-1/2"]
[WhiteElo "2556"]
[BlackElo "2412"]

1.d4 d5 2.c4 c6 3.Nf3 dxc4 4.e3 Be6 5.Nc3 b5 6.a4 b4 7.Na2 a5 8.Ng5 Bd5 9.e4 h6
10.exd5 hxg5 11.Bxc4 cxd5 12.Bb5+ Nd7 13.Bxg5 Nf6 14.Nc1 Qb6 15.Nb3 e6 16.Rc1 Bd6
17.Bxf6 gxf6 18.Qf3 f5 19.g3 Ke7 20.Bxd7 Kxd7 21.O-O Rac8 22.Qe3 f4 23.Qd3 fxg3
24.hxg3 Rxc1 25.Rxc1 Rc8 26.Re1 f5 27.Qe3 Re8 28.Kg2 Qc6 29.Rc1 Qxa4 30.Ra1 Qc6
31.Rxa5 Qb6 32.Qd3 Rc8 33.Qe2 Re8 34.Ra6 Qc7 35.Qb5+ Ke7 36.Na5 Rc8 37.Rb6 Qd7
38.Rc6 Rxc6 39.Nxc6+  1/2-1/2

[Event "69th ch-BUL"]
[Site "Pleven BUL"]
[Date "2005.05.28"]
[Round "7"]
[White "Rusev,K"]
[Black "Nikolov,Sas"]
[Result "1-0"]
[WhiteElo "2427"]
[BlackElo "2394"]

1.d4 d5 2.Nf3 Nf6 3.c4 c6 4.Nbd2 g6 5.e3 Bg7 6.Be2 O-O 7.O-O b6 8.b3 Bb7
9.Bb2 Nbd7 10.Rc1 e6 11.Rc2 Qe7 12.Qa1 a5 13.a4 Rfc8 14.Rfc1 Bf8 15.Bd3 Nh5
16.e4 Nf4 17.Bf1 dxe4 18.Nxe4 c5 19.Re1 Bg7 20.Rd2 cxd4 21.Bxd4 Bxe4 22.Rxe4 Nh5
23.g4 Nc5 24.Re3 Bxd4 25.Rxd4 Nf6 26.Ne5 Ra7 27.h4 Nfd7 28.Nf3 Nb8 29.g5 Nc6
30.Rg4 Rd7 31.h5 Rf8 32.Rf4 Qd8 33.h6 f5 34.gxf6 Rdf7 35.Bh3 Qd6 36.Ne5 Nxe5
37.Rxe5 Nd3 38.Rfe4 Nxe5 39.Rxe5 Rxf6 40.Bxe6+ Kh8 41.Bd5 Qc5 42.Re2 Qd6
43.Re5 Qc5 44.Re2 Qd6 45.Re4 Qc5 46.Rf4 Qd6 47.Rf3 Qe7 48.Kg2 Qd6 49.Kh3  1-0

[Event "TCh-ROM A"]
[Site "Tusnad ROM"]
[Date "2005.05.28"]
[Round "8"]
[White "Manolache,M"]
[Black "Itkis,B"]
[Result "1-0"]
[WhiteElo "2468"]
[BlackElo "2485"]

1.d4 d5 2.c4 c6 3.Nf3 Nf6 4.Qc2 dxc4 5.e4 b5 6.b3 cxb3 7.axb3 e6 8.Bd2 a5
9.Bd3 h6 10.O-O Be7 11.Bf4 Bb7 12.Nc3 O-O 13.Qe2 b4 14.Na4 Nfd7 15.Rac1 Ba6
16.Bxa6 Rxa6 17.Rfd1 Re8 18.Ne5 Nxe5 19.dxe5 Qc7 20.Rd6 Qc8 21.Rd3 Nd7 22.Rxd7  1-0

[Event "TCh-BIH Prem"]
[Site "Neum BIH"]
[Date "2005.06.04"]
[Round "1"]
[White "Vojinovic,G"]
[Black "Avdic,A"]
[Result "1-0"]
[WhiteElo "2475"]
[BlackElo "2304"]

1.d4 d5 2.Nf3 c6 3.c4 Nf6 4.Qc2 dxc4 5.Qxc4 Bf5 6.g3 Nbd7 7.Bg2 e6 8.O-O Be7
9.e3 O-O 10.Rd1 Qc7 11.Nc3 Ne4 12.Ne1 Nxc3 13.bxc3 e5 14.e4 Bg4 15.f3 Be6
16.Qe2 Nb6 17.Nd3 f6 18.Be3 Nc4 19.Bf2 Ba3 20.f4 Qa5 21.dxe5 fxe5 22.f5 Bf7
23.Qc2 Rfd8 24.g4 Rd7 25.Nb4 Nd6 26.Rd2 Qc7 27.Rad1 a5 28.Qa4 Qb8 29.Nc2 Bb2
30.Ne1 Bxc3 31.Rd3 b5 32.Qc2 b4 33.Bc5 Nb7 34.Rxd7 Nxc5 35.R7d6 Qc7 36.Nf3 a4
37.Bf1 Qa5 38.Ng5 b3 39.Qg2 Qa7 40.Kh1 h6 41.Nxf7 Qxf7 42.g5 Bd4 43.gxh6 Kf8
44.Bc4 Qxc4 45.Qxg7+ Ke8 46.h7  1-0

[Event "TCh-ARG Magistral AFA"]
[Site "Buenos Aires ARG"]
[Date "2005.06.07"]
[Round "5"]
[White "Perelman,H"]
[Black "Real de Azua,E"]
[Result "0-1"]
[WhiteElo "2148"]
[BlackElo "2391"]

1.d4 d5 2.Nf3 Nf6 3.c4 c6 4.Qc2 dxc4 5.Qxc4 Bf5 6.g3 e6 7.Bg2 Nbd7 8.O-O Be7
9.e3 O-O 10.Nc3 b5 11.Qe2 b4 12.Na4 Qa5 13.b3 Be4 14.Nd2 Bxg2 15.Kxg2 Nb6
16.Nb2 Qd5+ 17.Kg1 c5 18.dxc5 Bxc5 19.Nbc4 Ne4 20.Bb2 Nc3 21.Bxc3 bxc3 22.Nb1 Nxc4
23.Nxc3 Qe5 24.Qxc4 Rac8 25.Nb5 Bxe3 26.Qe2 Bf4 27.Rae1 Qxe2 28.Rxe2 Bb8
29.Rd1 Rfd8 30.Red2 Rxd2 31.Rxd2 a6 32.Na3 Kf8 33.Rd7 Bc7 34.Kf1 Ke8 35.Rd3 Bb8
36.Nc4 Ke7 37.Ke2 Rc5 38.Kd2 g5 39.h3 Ba7 40.Ke2 Rf5 41.f3 Rc5 42.Rc3 Bb8
43.Kf2 h5 44.Rc2 h4 45.g4 Bf4 46.b4 Rc8 47.Ke2 f5 48.a3 Kf6 49.Kd3 Rd8+ 50.Ke2 Rd4
51.Rc3 fxg4 52.fxg4 Re4+ 53.Kf3 Re1 54.Na5 Ke5 55.Kg2 Re2+ 56.Kg1 Ra2 57.Rc6 Ke4
58.Rc3 Be3+ 59.Kh1 e5 60.Nc4 Bf4 61.Na5 Kd4 62.Rc6 e4 63.Nb3+ Ke3 64.Rxa6 Kf2
65.b5 Rb2 66.Rc6 Rxb3 67.Rc2+ Kf3  0-1

[Event "TCh-BIH Prem"]
[Site "Neum BIH"]
[Date "2005.06.11"]
[Round "8"]
[White "Benkovic,P"]
[Black "Sokolov,I"]
[Result "1-0"]
[WhiteElo "2418"]
[BlackElo "2662"]

1.Nf3 d5 2.d4 Nf6 3.c4 c6 4.Nbd2 Bf5 5.Nh4 Be6 6.e3 g6 7.Bd3 Bg7 8.O-O O-O
9.h3 c5 10.Nhf3 Nc6 11.dxc5 dxc4 12.Bxc4 Bxc4 13.Nxc4 Qxd1 14.Rxd1 Ne4 15.Rb1 Nxc5
16.Bd2 Ne4 17.Be1 Rac8 18.Kf1 b5 19.Ncd2 Nc5 20.b4 Na4 21.Ne4 Rc7 22.Rdc1 Rfc8
23.Bd2 a6 24.g4 e6 25.g5 Ne7 26.Ne1 Rc4 27.Nd6 Rxc1 28.Rxc1 Rxc1 29.Bxc1 Nd5
30.a3 h6 31.e4 Ndc3 32.gxh6 Bf6 33.h7+ Kxh7 34.Nxf7 Nxe4 35.f3 Kg8 36.Ne5 Bg7
37.Nxg6 Ng3+ 38.Kf2 Nf5 39.Nc2 Kf7 40.Nf4 Be5 41.Nd3 Bg3+ 42.Kg2 Bc7 43.f4 Nc3
44.Kf3 Nd5 45.Bd2 Nh4+ 46.Kg4 Nf5 47.Nc5 Nf6+ 48.Kf3 Nh4+ 49.Ke2 Nd5 50.Nxa6 Bxf4
51.Nd4 e5 52.Nxb5 Nf5 53.Nc5 Kg6 54.Ne4 Kh5 55.Nec3 Ng3+ 56.Kf3 Bxd2 57.Nxd5 Kh4
58.Nd6 Bh6 59.a4 Bf8 60.Ne4 Nf5 61.Nef6 Nd6 62.a5 Nb5 63.a6 Bd6 64.Ne4 Bb8
65.Nec3 Nd6 66.Ne7  1-0

[Event "Open"]
[Site "Mielo POL"]
[Date "2005.06.12"]
[Round "3"]
[White "Szymczak,Z"]
[Black "Litwin,J"]
[Result "1/2-1/2"]
[WhiteElo "2315"]
[BlackElo "2221"]

1.d4 d5 2.c4 c6 3.Nf3 Nf6 4.Qc2 g6 5.Nc3 dxc4 6.Bg5 Nbd7 7.e4 Nb6 8.Be2 Bg7
9.O-O O-O 10.Rad1 h6 11.Bc1 Be6 12.Ne5 Nfd7 13.f4 Qc7 14.f5 Nxe5 15.dxe5 Qxe5
16.fxe6 Qxe6 17.Be3 Nc8 18.Na4 Nd6 19.Nc5 Qc8 20.Bxc4 b6 21.Nb3 Nxc4 22.Qxc4 c5
23.Rf2 Qg4 24.Rdf1 e6 25.h3 Qh5 26.Nc1 Rad8 27.Ne2 g5 28.b3 Rd7 29.Rf3 Rfd8
30.g4 Qg6 31.Ng3 Rd3 32.Bc1 Bd4+ 33.Kg2 Rxf3 34.Rxf3 Be5 35.Rd3 Bd4 36.Bb2 Qf6
37.Bxd4 cxd4 38.Qc7 Kf8 39.e5 Qe7 40.Qxe7+ Kxe7 41.Kf3 f6 42.Ke4 fxe5 43.Kxe5 Rd5+
44.Ke4 Ra5 45.a4 e5 46.Nf5+ Ke6 47.Nxh6 b5 48.axb5 Ra1 49.Nf5 Re1+ 50.Kf3 Rf1+
51.Kg2 Rc1 52.Kf2 Kd5 53.Ke2 Rh1 54.Kd2 Rh2+ 55.Kc1  1/2-1/2

[Event "PanAmY U18B"]
[Site "Balneario Camboriu BRA"]
[Date "2005.06.13"]
[Round "4"]
[White "Garcia,Jh"]
[Black "Hurtado Bahamonde,R"]
[Result "1-0"]
[WhiteElo "2221"]
[BlackElo "2108"]

1.d4 d5 2.c4 dxc4 3.Nf3 c6 4.a4 Nf6 5.Nc3 Be6 6.e4 h6 7.Ne5 Nbd7 8.Nxc4 Bxc4
9.Bxc4 e6 10.O-O Bb4 11.e5 Nd5 12.Qg4 Qe7 13.Qxg7 O-O-O 14.Qg3 Rdg8 15.Qh3 h5
16.Nxd5 cxd5 17.Be2 Ba5 18.Be3 Kb8 19.Rfc1 Qb4 20.Qf3 Rg7 21.Rc2 Qb3 22.Rac1 Qxa4
23.Qxh5 Rhg8 24.g3 a6 25.Qh4 Ka7 26.Qe7 Bb4 27.b3 Bxe7 28.bxa4 Bd8 29.Rb1 Ba5
30.h4 f6 31.exf6 Nxf6 32.Bf3 Nd7 33.h5 Nb6 34.h6 Re7 35.Be2 Nxa4 36.Bd3 Nc3
37.Ra1 b6 38.Rxa5  1-0

[Event "III Open"]
[Site "Bajada de la Virgen ESP"]
[Date "2005.06.14"]
[Round "2"]
[White "Vijayalakshmi,S"]
[Black "Gleizerov,E"]
[Result "1/2-1/2"]
[WhiteElo "2412"]
[BlackElo "2572"]

1.Nf3 d5 2.d4 c6 3.c4 dxc4 4.e3 Be6 5.Nc3 b5 6.a4 b4 7.Ne4 Nf6 8.Nc5 Bd5
9.Bd2 e6 10.Bxb4 Nbd7 11.Nd2 Nxc5 12.dxc5 Rb8 13.Bc3 Bxc5 14.Bxc4 Bxc4 15.Nxc4 Qd5
16.Qe2 Bb4 17.O-O Bxc3 18.Rfd1 Qc5 19.Nd6+ Ke7 20.Rac1 Rb3 21.Qc2 Rhb8 22.bxc3 Rb2
23.Qd3 R2b3  1/2-1/2

[Event "White Nights"]
[Site "St Petersburg RUS"]
[Date "2005.06.19"]
[Round "2"]
[White "Annenkov,K"]
[Black "Chernov,Vl3"]
[Result "1-0"]
[WhiteElo "2266"]
[BlackElo "2029"]

1.d4 d5 2.c4 c6 3.Nf3 Nf6 4.g3 Bf5 5.Bg2 e6 6.Nc3 h6 7.O-O Nbd7 8.Nd2 Be7
9.e4 dxe4 10.Ndxe4 O-O 11.Bf4 Nxe4 12.Nxe4 Nf6 13.Nc3 Qd7 14.Qb3 Rac8 15.Rad1 Rfd8
16.h3 Bg6 17.Rfe1 Bf8 18.Rd2 b6 19.Red1 Qe7 20.a3 Ne8 21.Qa4 Qd7 22.Qa6 Bd6
23.Be3 Bb8 24.d5 exd5 25.cxd5 c5 26.d6 Nxd6 27.Bf4 Qe6 28.Bxd6 Rxd6 29.Rxd6 Bxd6
30.Rxd6 Qxd6 31.Qxc8+ Kh7 32.Qe8  1-0

[Event "Marx Gyorgy Open"]
[Site "Paks HUN"]
[Date "2005.06.21"]
[Round "8"]
[White "Akesson,R"]
[Black "Videki,S"]
[Result "1-0"]
[WhiteElo "2461"]
[BlackElo "2405"]

1.d4 d5 2.c4 dxc4 3.Nf3 c6 4.e3 Be6 5.a4 Nf6 6.Nc3 g6 7.Ng5 Bd5 8.e4 h6 9.exd5 hxg5
10.dxc6 Nxc6 11.Bxc4 Bg7 12.d5 Ne5 13.Bb5+ Kf8 14.Bxg5 Qd6 15.Be2 Rd8 16.Qb3 Neg4
17.h4 Bh6 18.Bxf6 Nxf6 19.Rd1 Kg7 20.g3 g5 21.Qxb7 Rb8 22.Qxa7 gxh4 23.Rxh4 Rxb2
24.Qd4 e5 25.dxe6 Qxd4 26.Rhxd4 fxe6 27.Rc4 Rf8 28.a5 Rf7 29.a6 Nd5 30.Rg4+ Kf8
31.Nxd5 exd5 32.Rxd5 Re7 33.Rf5+ Ke8 34.Kf1  1-0

[Event "White Nights"]
[Site "St Petersburg RUS"]
[Date "2005.06.21"]
[Round "4"]
[White "Nikolaev,V RUS"]
[Black "Pavlov,Ma"]
[Result "0-1"]
[WhiteElo "2201"]
[BlackElo "2319"]

1.d4 d5 2.Nf3 Nf6 3.c4 c6 4.Nbd2 Bf5 5.Nh4 Bg6 6.Nxg6 hxg6 7.g3 e6 8.Bg2 Nbd7
9.e4 dxe4 10.Nxe4 Nxe4 11.Bxe4 Nf6 12.Bf3 Qa5+ 13.Bd2 Bb4 14.a3 Bxd2+ 15.Qxd2 Qf5
16.Qe2 O-O-O 17.O-O-O Rd7 18.Rd2 g5 19.Bg2 g4 20.f3 gxf3 21.Qxf3 Qg6 22.h3 Rhd8
23.Rhd1 Rd6 24.g4 Qg5 25.Kc2 Kb8 26.Rd3 Ka8 27.Qg3 Qa5 28.g5 Nh5 29.Qg4 g6
30.h4 Qa4+ 31.Kc3 Kb8 32.Qf3 R6d7 33.R1d2 Ng7 34.Bh3 b5 35.b3 Qxa3 36.Kc2 Qa1
37.Qxc6 bxc4 38.Rc3 Rc8 39.Qb5+ Rb7 40.Qe5+ Ka8 41.bxc4 Qb1+  0-1